LEADER 01131nam--2200373---450- 001 990003488780203316 005 20110125113914.0 010 $a978-88-568-0562-8 035 $a000348878 035 $aUSA01000348878 035 $a(ALEPH)000348878USA01 035 $a000348878 100 $a20110125d2009----km-y0itay50------ba 101 $aita 102 $aIT 105 $a||||||||001yy 200 1 $a<> gestione della Forza vendita$ecome ottenere di pił dall'attivitą di vendita$fVladimiro Barocco ( a cura di ) 210 $aMilano$cFrancoAngeli$d2009 215 $a275 p.$d23 cm 225 2 $aAm$v712 410 0$12001$aAm$v, 712 606 0 $aVenditori$xGestione$2BNCF 676 $a658.3044 702 1$aBAROCCO,$bVladimiro 801 0$aIT$bsalbc$gISBD 912 $a990003488780203316 951 $a658.304 GES 1$b17812 EC.$c658.304 GES$d00165078 959 $aBK 969 $aECO 979 $aFIORELLA$b90$c20110125$lUSA01$h1101 979 $aFIORELLA$b90$c20110125$lUSA01$h1103 979 $aFIORELLA$b90$c20110125$lUSA01$h1139 996 $aGestione della Forza vendita$91110853 997 $aUNISA LEADER 01625nam 2200409Ia 450 001 9910698826903321 005 20090528132734.0 035 $a(CKB)5470000002397599 035 $a(OCoLC)355314986 035 $a(EXLCZ)995470000002397599 100 $a20090528d2001 ua 0 101 0 $aeng 135 $auran||||||||| 181 $ctxt$2rdacontent 182 $cc$2rdamedia 183 $acr$2rdacarrier 200 00$aGuidance for industry$b[electronic resource] $erecommendations for assessment of donor suitability and blood and blood product safety in cases of possible exposure to anthrax 210 1$aRockville, MD :$cU.S. Dept. of Health and Human Services, Food and Drug Administration, Center for Biologics Evaluation and Research,$d[2001] 215 $ai, 7 pages $cdigital, PDF file 300 $aTitle from PDF title page (viewed on May 28, 2009). 300 $a"Final guidance". 300 $a"October 2001". 300 $aIncludes bibliographical references (p. 6). 517 $aGuidance for industry 606 $aBlood donors$xGovernment policy$zUnited States 606 $aBlood products$xEvaluation$xGovernment policy$zUnited States 606 $aAnthrax$xPrevention$xGovernment policy$zUnited States 615 0$aBlood donors$xGovernment policy 615 0$aBlood products$xEvaluation$xGovernment policy 615 0$aAnthrax$xPrevention$xGovernment policy 712 02$aCenter for Biologics Evaluation and Research (U.S.) 801 0$bGPO 801 1$bGPO 906 $aBOOK 912 $a9910698826903321 996 $aGuidance for industry$93434577 997 $aUNINA